Feminism for girls : an adventure story /

Saved in:
Bibliographic Details
Other Authors: McRobbie, Angela, 1951-, McCabe, Trisha, 1956-
Format: Book
Language:English
Published: London ; Boston : Routledge & Kegan Paul, 1981.
Subjects:
LEADER 01157cam a2200313 a 4500
001 c000269807
003 CARM
005 20070829180228.0
008 810717s1981 enka b 000 0 eng
010 |a 81011921 
019 1 |a 2061088  |z 23874013  |z 62323777  |5 LACONCORD2021 
020 |a 0710009615 :  |c $11.00 
035 |a (OCoLC)7653614  |5 LACONCORD2021 
040 |a LC  |b eng  |c LC  |d NNCU:A 
043 |a e-uk--- 
050 0 0 |a HQ798  |b .F45 
082 0 0 |a 305.2350941  |2 19 
082 1 4 |a 305.2/3  |2 19 
245 0 0 |a Feminism for girls :  |b an adventure story /  |c edited by Angela McRobbie and Trisha McCabe. 
260 |a London ;  |a Boston :  |b Routledge & Kegan Paul,  |c 1981. 
300 |a vi, 212 p. :  |b ill. ;  |c 24 cm. 
504 |a Includes bibliographical references. 
650 0 |a Teenage girls  |z Great Britain. 
650 0 |a Feminism  |z Great Britain. 
700 1 |a McRobbie, Angela,  |d 1951- 
700 1 |a McCabe, Trisha,  |d 1956- 
852 8 |b CARM  |h A1:AN11F0  |i B08697  |p 0385788  |f BK 
999 f f |i 01304772-80c5-52fa-9392-8511aa4bf25e  |s feb5184a-7ecb-5992-a92c-242ede39ea02 
952 f f |p Can circulate  |a CAVAL  |b CAVAL  |c CAVAL  |d CARM 1 Store  |e B08697  |f A1:AN11F0  |h Other scheme  |i book  |m 0385788